000 01095cam a2200229 4500
001 ABS65146
008 020311n2002 000 0 eng u
035 _a(Sirsi) u117080
100 _aBennett, J.
245 _aFlooding: what impact on the Housing Market?
260 _c2002
490 _aCML Housing Finance
_vSpring 2002, 37(11)
520 _aReviews the housing market and the threat of flooding following the widespread disruption in the autumn of 2000. Discusses the insurance implications of these events with some bodies such as the Association of British Insurers concerned that some properties might become more difficult to insure. With tables which include the number of properties flooded by region and areas flooded in autumn 2000 along with their planned flood defence work.
590 _aABS
650 _aFLOODING
650 _aHOUSING MARKET
650 _aPROPERTY-COMMERCIAL PROPERTY
650 _aASSOCIATION OF BRITISH INSURERS
650 _aCOUNCIL OF MORTGAGE LENDERS
690 _aENVIRONMENTAL AND LAND CONSULTANCY-ENVIRONMENTAL MANAGEMENT
942 _n0
999 _c69753
_d69753